| 000 | 01274nam a22003737a 4500 | ||
|---|---|---|---|
| 003 | CHAP | ||
| 005 | 20220329143729.0 | ||
| 008 | 110427s1993 mx a r 00010 spa d | ||
| 010 | _a101053 | ||
| 011 | _a102025 | ||
| 020 | _a9682934761 | ||
| 035 | _a112713 | ||
| 040 | _cCHAP | ||
| 082 | 0 | 4 |
_a581.634097249 _bB34 |
| 100 | 1 |
_aBaytelman, Bernardo _911010 |
|
| 245 | 1 | 0 |
_aAcerca de plantas y de curanderos : _betnobotánica y antropología médica en el Estado de Morelos _c/por Bernardo Baytelman |
| 260 |
_aMéxico, D.F. : _bINAH, _c1993 |
||
| 300 |
_a452 p. : _bilus. |
||
| 490 | 0 |
_aSerie Antropología _pDivulgación |
|
| 590 |
_aBATCH-UPD _b10 _c20130110 _lUCH01 _h0905 |
||
| 590 |
_aBATCH-UPD _b10 _c20130410 _lUCH01 _h0532 |
||
| 590 |
_aBATCH-UPD _b10 _c20130914 _lUCH01 _h0548 |
||
| 590 |
_aCONVERSION _b10 _c20130109 _lUCH01 _h1356 |
||
| 650 | 1 | 4 |
_aAntropologia. _96133 |
| 650 | 1 | 4 |
_aBotánica médica. _914680 |
| 650 | 1 | 4 |
_aCuranderos. _930506 |
| 650 | 1 | 4 |
_aEtnobotánica _zMorelos. _938647 |
| 650 | 1 | 4 |
_aIndios de México _xMedicina. _957633 |
| 650 | 1 | 4 |
_aMedicina tradicional. _973921 |
| 830 | 0 |
_aSerie Antropología _pDivulgación _9104596 |
|
| 901 | _aBK | ||
| 942 | _cLIBRO | ||
| 949 |
_a581.634097249 B34 _bBC _cLIBRO _d33724002254108 _eLIBRO _h114792 _i112713 _sb |
||
| 999 |
_c101053 _d101053 |
||